Halloween /

Guardado en:
Autor Principal: Stine, R.l
Formato: Libro
Publicado: Buenos Aires : Emecè, 1998.
Series:Fantasmas de Fear Street.
Materias:
Etiquetas: Agregar Etiqueta
Sin Etiquetas, Sea el primero en etiquetar este registro!
LEADER 00524nam a22001935a 4500
001 CEM.cems018605
005 20180129092559.0
008 130507s1998##################000#0#####d
003 CEMS
020 |a 9500419440 
082 0 4 |a 820.9 
100 1 |a Stine, R.l 
245 1 0 |a Halloween /  |c Stine, R.L 
260 |a Buenos Aires :  |b Emecè,  |c 1998. 
300 |a 128p.; 12cm. 
490 0 |a Fantasmas de Fear Street. 
600 1 4 |a Stine, R.L 
653 |a Literatura juvenil 
859 |a CEMS  |b BIB. CEMS - Agricultura  |h 820.9  |i St915  |p A2984.17  |t Ej.1